[Event "Kherson"]
[Site "Kherson"]
[Date "1990.??.??"]
[Round "?"]
[White "Shmuter, Leonid"]
[Black "Brodsky, Michail"]
[Result "1-0"]
[WhiteElo "2405"]
[BlackElo "2290"]

1.e4 c5 2.Nf3 Nc6 3.d4 cxd4 4.Nxd4 e6 5.Nb5 d6 6.c4 Nf6 7.N1c3 a6 8.Na3 b6
9.Be2 Bb7 10.O-O Nb8 11.f3 Nbd7 12.Bf4 Qc7 13.Qd2 Be7 14.Rfd1 Ne5 15.Rac1 O-O
16.Bf1 Rac8 17.Kh1 Qb8 18.Qd4 Ba8 19.Na4 Nxf3 20.gxf3 e5 21.Qf2 exf4 22.Nxb6 Rce8
23.Nd5 Bd8 24.Bh3 Kh8 25.Rd3 Bxd5 26.cxd5 Bb6 27.Qg2 Bc5 28.Nc4 Qd8 29.a3 a5
30.b3 Nd7 31.Qb2 Be3 32.Nxe3 fxe3 33.Rxe3 Ne5 34.Qf2 Qf6 35.f4 Ng6 36.Rf1 Qd4
37.Bf5 Rb8 38.Rh3 Qf6 39.Rc1 h6 40.Rhc3 Ne7 41.Bh3 Ng6 42.Rf3 Rfe8 43.Re1 Nh4
44.Rfe3 Ng6 45.Bf5 Ne7 46.Bd7 Red8 47.Bh3 Ng6 48.Rf1 Qd4 49.Qg3 Re8 50.Bg2 Rbc8
51.Rfe1 Re7 52.f5 Ne5 53.f6 gxf6 54.Qh3 Rec7 55.Qxh6+ Kg8 56.Bh3  1-0

[Event "JUG-ch (Women)"]
[Site "Kladovo"]
[Date "1990.??.??"]
[Round "?"]
[White "Tesic, Milica"]
[Black "Markovic, Gordana"]
[Result "1-0"]
[WhiteElo "2105"]
[BlackElo "2230"]

1.e4 c5 2.Nf3 e6 3.d4 cxd4 4.Nxd4 Nc6 5.Nb5 d6 6.Bf4 e5 7.Be3 a6 8.N5c3 Nf6
9.Bg5 Be7 10.Bxf6 Bxf6 11.Nd5 O-O 12.Bc4 Bg5 13.a4 Be6 14.O-O Rc8 15.Na3 Kh8
16.c3 Qe8 17.Qh5 Bd8 18.Rfd1 Na5 19.b3 Qd7 20.Qe2 f5 21.exf5 Bxf5 22.Ne3 Bb6
23.Rac1 Rf6 24.Nd5 Ba7 25.Nxf6 gxf6 26.Kh1 Bg4 27.f3 Bh5 28.Qd2 Rd8 29.Bd5 Qg7
30.Be4 Nc6 31.Nc4 f5 32.Bxc6 bxc6 33.Nxd6 Bb6 34.a5 Bc7 35.Nxf5 Qf6 36.Qc2 Rxd1+
37.Rxd1 Bg6 38.g4 e4 39.Qxe4 Qxc3 40.Qd4+ Qxd4 41.Rxd4  1-0

[Event "JUG-ch (Women)"]
[Site "Kladovo"]
[Date "1990.??.??"]
[Round "?"]
[White "Markovic, Gordana"]
[Black "Kokanovic, Ksenija"]
[Result "1-0"]
[WhiteElo "2230"]
[BlackElo "2165"]

1.e4 c5 2.Nf3 e6 3.d4 cxd4 4.Nxd4 Nc6 5.Nb5 d6 6.c4 Nf6 7.N1c3 a6 8.Na3 b6
9.Be2 Bb7 10.O-O Nb8 11.f3 Nbd7 12.Be3 Qc7 13.Qd2 Be7 14.Rfd1 O-O 15.Bf1 Rac8
16.Rac1 Qb8 17.Qf2 Bd8 18.Kh1 Bc7 19.Qh4 Rce8 20.Bd4 Bd8 21.Qf2 Kh8 22.Nc2 Rg8
23.Na4 Bc6 24.Nc3 Bb7 25.b3 g5 26.Ne2 h5 27.Ng3 h4 28.Nh5 e5 29.Nxf6 Nxf6
30.Bb2 g4 31.Qxh4+ Nh7 32.Qf2 gxf3 33.gxf3 Bg5 34.Ne3 Nf6 35.Bg2 Rg6 36.Rc2 Reg8
37.Nf5 Nh5 38.Rxd6 Bf4 39.Rxg6 fxg6 40.Ne3 Qd8 41.Nd5 Bxd5 42.cxd5 Qg5 43.Bh3 Qh6
44.d6 Kg7 45.Rc7+ Kf6 46.Qh4+ g5 47.Qg4  1-0

[Event "Lyon op"]
[Site "Lyon"]
[Date "1990.??.??"]
[Round "?"]
[White "Akopian, Vladimir"]
[Black "Hernandez, Gilberto"]
[Result "0-1"]
[WhiteElo "2550"]
[BlackElo "2395"]

1.e4 c5 2.Nf3 e6 3.d4 cxd4 4.Nxd4 Nc6 5.Nb5 d6 6.c4 Nf6 7.N1c3 a6 8.Na3 Be7
9.Be2 O-O 10.O-O Ne5 11.Be3 b6 12.f4 Ned7 13.Bf3 Bb7 14.Qe2 Rc8 15.Rac1 Nc5
16.Bf2 Qc7 17.g4 Ne8 18.Be3 Qb8 19.b4 Nd7 20.Nab1 g6 21.a3 Ng7 22.Bg2 Rc7
23.Nd2 Ba8 24.Bd4 f6 25.h4 e5 26.Be3 exf4 27.Bxf4 Ne5 28.Nd5 Bxd5 29.cxd5 b5
30.Nb3 Rxc1 31.Rxc1 Bd8 32.h5 Bb6+ 33.Kh2 gxh5 34.gxh5 Qe8 35.Rc3 Nxh5 36.Bg3 Qg6
37.Nd2 Kh8 38.Nf1 Rg8 39.Bh3 Nf4 40.Qd2 Ng4+  0-1

[Event "Goldberg mem"]
[Site "Moscow"]
[Date "1990.??.??"]
[Round "8"]
[White "Pichler, Juergen"]
[Black "Kalegin, Evgenij"]
[Result "1-0"]
[WhiteElo "2325"]
[BlackElo "2380"]

1.e4 c5 2.Nf3 e6 3.d4 cxd4 4.Nxd4 Nc6 5.Nb5 d6 6.c4 Nf6 7.N1c3 a6 8.Na3 b6
9.Be2 Bb7 10.O-O Nb8 11.f3 Nbd7 12.Bf4 Qc7 13.Qd2 Be7 14.Rfd1 Ne5 15.Rac1 O-O
16.Be3 Rab8 17.Qe1 Ng6 18.Qf2 Nd7 19.b4 Bh4 20.g3 Be7 21.Nc2 Ba8 22.Nd4 Bf6
23.a3 Rfc8 24.Qe1 h5 25.Qd2 h4 26.g4 Be5 27.Nd5 Qd8 28.Nc3 h3 29.g5 Nh4 30.f4 Bxd4
31.Qxd4 Ng2 32.Qd2 Nf8 33.Bf2 Ng6 34.Bg3 e5 35.fxe5 dxe5 36.Qxd8+ Rxd8 37.Nd5 N6f4
38.Bf1 Bxd5 39.exd5 Ne3 40.Rd2 b5 41.cxb5 axb5 42.d6 Nxf1 43.Kxf1 Ra8 44.Bxf4 exf4
45.Rc3 Ra6 46.Rcd3 Kh7 47.Kf2 Kg6 48.Rd5 Rxa3 49.Rxb5 f6 50.d7 fxg5 51.Rd6+ Kh5
52.Rdd5 Kh6 53.Ra5 Rb3 54.Rac5 g4 55.Rc8 g3+ 56.hxg3 fxg3+ 57.Ke2 Rxd7 58.Rxd7 g2
59.Rh8+ Kg6 60.Rd1 Kg5 61.Kf2 Kg4 62.b5  1-0

[Event "Muenster Elo"]
[Site "Muenster"]
[Date "1990.??.??"]
[Round "6"]
[White "Wolter, Kai"]
[Black "Beckmann, K."]
[Result "1/2-1/2"]
[WhiteElo "2270"]
[BlackElo "2280"]

1.e4 c5 2.Nf3 e6 3.d4 cxd4 4.Nxd4 Nc6 5.Nb5 d6 6.c4 Nf6 7.N1c3 a6 8.Na3 d5
9.exd5 exd5 10.cxd5 Nb4 11.Be2 Nbxd5  1/2-1/2

[Event "Novi Sad ol (Men)"]
[Site "Novi Sad"]
[Date "1990.??.??"]
[Round "7"]
[White "Alzate, Dario"]
[Black "Van der Vaeren, S."]
[Result "1-0"]
[WhiteElo "2385"]
[BlackElo "2365"]

1.e4 c5 2.Nf3 e6 3.d4 cxd4 4.Nxd4 Nc6 5.Nb5 d6 6.c4 Nf6 7.N1c3 a6 8.Na3 Be7
9.Be2 O-O 10.Be3 Bd7 11.O-O Qa5 12.Qd2 Rfc8 13.Rfd1 Be8 14.f3 Bf8 15.Rac1 Nd7
16.Kh1 Nc5 17.Nc2 Rab8 18.Ra1 Qc7 19.Rdc1 Ne5 20.f4 Ng6 21.Nd4 Qd8 22.b4 Nd7
23.f5 exf5 24.Nxf5 Nde5 25.Nd5 b5 26.c5 dxc5 27.bxc5 Nc6 28.Qb2 Nge5 29.Rd1 Qa5
30.Nd6 Rd8 31.Bg5 f6 32.Nxf6+ gxf6 33.Bxf6 Bg7 34.Bxg7 Kxg7 35.Rd5 Bg6 36.Rxe5 Nxe5
37.Qxe5+ Kh6 38.Nf5+ Bxf5 39.exf5 Rf8 40.f6  1-0

[Event "Novi Sad ol (Men)"]
[Site "Novi Sad"]
[Date "1990.??.??"]
[Round "11"]
[White "Denny, Kevin"]
[Black "Pineda, Boris"]
[Result "1/2-1/2"]
[WhiteElo "2235"]
[BlackElo "2225"]

1.e4 c5 2.Nf3 e6 3.d4 cxd4 4.Nxd4 Nc6 5.Nb5 d6 6.Bf4 e5 7.Be3 Nf6 8.Bg5 Be6
9.Bxf6 gxf6 10.Nd2 a6 11.Nc3 Bg7 12.Nc4 Nd4 13.Ne3 f5 14.exf5 Nxf5 15.Qg4 h5
16.Qf3 Nd4 17.Qxb7 Rb8 18.Qxa6 Rxb2 19.Qa4+ Bd7 20.Qa3 Qb8 21.Bd3 O-O 22.O-O f5
23.Bc4+ Kh8 24.Rab1 Rxb1 25.Rxb1 Qe8 26.Qxd6 f4 27.Ned5 Nf5 28.Qc7 f3 29.g3 e4
30.Qf4 e3 31.fxe3 Nh6 32.Qe4 f2+ 33.Kg2 Qc8 34.Ne7 Bh3+ 35.Kh1 Bf5 36.Nxc8 Bxe4+
37.Nxe4 Rxc8 38.Bd3 Ng4 39.Kg2 Rf8 40.Bf1 Nxe3+ 41.Kh3 Nxc2 42.a4 Bd4 43.Bg2 Ne1
44.Nd2 h4 45.Rb4 Rd8 46.Nf1 hxg3 47.hxg3 Nd3 48.Rb7 Rd6 49.a5 Ne5 50.Be4 Nc4
51.a6 Rxa6 52.Rh7+ Kg8 53.Rh4 Ne3 54.Bd5+ Kg7 55.Bc4 Ra1 56.Rxd4 Nxc4 57.Rxc4 Rxf1
58.Kg2 Ra1 59.Kxf2 Ra3  1/2-1/2

[Event "Novi Sad ol (Men)"]
[Site "Novi Sad"]
[Date "1990.??.??"]
[Round "13"]
[White "Geenen, Marc"]
[Black "Valiente, Cristobal"]
[Result "1/2-1/2"]
[WhiteElo "2345"]
[BlackElo "2350"]

1.e4 c5 2.Nf3 Nc6 3.d4 cxd4 4.Nxd4 e6 5.Nb5 Nf6 6.Bf4 e5 7.Bg5 Bc5 8.N1c3 h6
9.Be3 Bb4 10.a3 Bxc3+ 11.Nxc3 O-O 12.Qd2 b6 13.f3 Bb7 14.O-O-O Qe7 15.g4 Rfd8
16.g5 hxg5 17.Bxg5 Nd4 18.Qe3 Rac8 19.Kb1 Rc5 20.Rg1 Rdc8 21.Rxd4 exd4 22.Qxd4 Kf8
23.Bf4 d5 24.e5  1/2-1/2

[Event "Wch U26"]
[Site "Odessa"]
[Date "1990.??.??"]
[Round "3"]
[White "Fernandez Aguado, Enrique"]
[Black "Adler, Joel"]
[Result "1-0"]
[WhiteElo "2400"]
[BlackElo "2265"]

1.e4 c5 2.Nf3 Nc6 3.d4 cxd4 4.Nxd4 e6 5.Nb5 d6 6.c4 Nf6 7.N1c3 a6 8.Na3 Be7
9.Be2 b6 10.O-O Bb7 11.Bf4 Ne5 12.Qd4 Qc7 13.Bg3 O-O 14.Kh1 Rab8 15.Rfd1 Rfd8
16.f3 Ba8 17.Bf1 Nh5 18.Bf2 g5 19.h3 Ng6 20.Nc2 Bf6 21.Qd2 Qe7 22.Ne3 Be5
23.Ne2 b5 24.cxb5 axb5 25.Ng4 Bg7 26.Rac1 d5 27.e5 d4 28.Bxd4 Nxe5 29.Qc3 b4
30.Qe3 Ng6 31.Bc5 Qc7 32.Qxg5 Rxd1 33.Rxd1 f5 34.Bd6 Qd7 35.Ne3 Rb5 36.Ng1 Rd5
37.Nxd5 Qxd6 38.Qxh5 Bxd5 39.Bc4 Qf4 40.Bxd5 exd5 41.Ne2 Qe5 42.Nd4  1-0

[Event "ARG-ch"]
[Site "San Luis"]
[Date "1990.??.??"]
[Round "8"]
[White "Borghi, Humberto"]
[Black "Tempone, Marcelo"]
[Result "0-1"]
[WhiteElo "2320"]
[BlackElo "2390"]

1.e4 c5 2.Nf3 e6 3.d4 cxd4 4.Nxd4 Nc6 5.Nb5 d6 6.c4 Nf6 7.N5c3 Be7 8.Be2 O-O
9.O-O b6 10.Bf4 Bb7 11.Re1 a6 12.Nd2 Qc7 13.Rc1 Ne5 14.a3 Rac8 15.Bf1 Qb8
16.Bg3 Qa8 17.f4 Ng6 18.e5 dxe5 19.fxe5 Nd7 20.Qh5 Nc5 21.Nf3 h6 22.b4 Ne4
23.Nxe4 Bxe4 24.Qg4 Bf5 25.Qd4 a5 26.Qxb6 axb4 27.axb4 Rb8 28.Qe3 Bxb4 29.Red1 Rfc8
30.c5 Ne7 31.Rd6 Nd5 32.Qd4 Ba3 33.Ra1 Rb1 34.Bf2 Rxa1 35.Qxa1 Bxc5 36.Qxa8 Bxf2+
37.Kxf2 Rxa8 38.Bc4 Nc3 39.Ke3 Ne4 40.Rd7 Nc5 41.Rc7 Ra3+ 42.Kd4 Nb3+ 43.Kc3 Na5+
44.Kb4 Nxc4 45.Rxc4 Ra2 46.g4 Bd3 47.Rc8+ Kh7 48.Rc3 Be4 49.h3 Bd5 50.Kc5 g5
51.Kd6 Kg7 52.Nd4 Rd2 53.Kc5 Kg6 54.Rc1 Rd3 55.Rf1 Rxh3 56.Nb5 Rf3 57.Ra1 Rf4  0-1

[Event "Wch U20"]
[Site "Santiago"]
[Date "1990.??.??"]
[Round "6"]
[White "Sinowjew, Juri"]
[Black "Varga, Zoltan"]
[Result "1/2-1/2"]
[WhiteElo "2260"]
[BlackElo "2400"]

1.e4 c5 2.Nf3 e6 3.d4 cxd4 4.Nxd4 Nc6 5.Nb5 d6 6.Bf4 e5 7.Be3 a6 8.N5c3 Nf6
9.Na3 b5 10.Nd5 Rb8 11.g3 Nxe4 12.Bg2 Nc5 13.Qe2 Bb7 14.O-O-O Nd7 15.Rd2 Ne7  1/2-1/2

[Event "UKR-ch"]
[Site "Simferopol"]
[Date "1990.??.??"]
[Round "?"]
[White "Kruppa, Yuri"]
[Black "Frolov, Artur"]
[Result "1-0"]
[WhiteElo "2405"]
[BlackElo "2485"]

1.e4 c5 2.Nf3 e6 3.d4 cxd4 4.Nxd4 Nc6 5.Nb5 d6 6.c4 Nf6 7.N1c3 a6 8.Na3 Be7
9.Be2 O-O 10.O-O b6 11.Be3 Ne5 12.Rc1 Bb7 13.f3 Qc7 14.Qe1 Rac8 15.Qg3 Kh8
16.Kh1 Rg8 17.Bd4 Bd8 18.Rfd1 Qb8 19.Be3 g5 20.Bd4 Rg6 21.c5 Nh5 22.Qf2 dxc5
23.Bxe5+ Qxe5 24.Nc4 Qc7 25.Nd6 Rh6 26.e5 Nf4 27.Nce4 f5 28.Nxc8 Nxe2 29.Rxd8+ Qxd8
30.Ncd6 Qf8 31.Qxe2 fxe4 32.Qe3 Bc6 33.fxe4 Rh5 34.Kg1 Qf4 35.Qxf4 gxf4 36.b4 b5
37.bxc5 Kg7 38.Kf2 Rxe5 39.Kf3 Rh5 40.h3 e5 41.Kg4 Kg6 42.h4 Rh6 43.Nf5 Bd7
44.c6 Bc8  1-0

[Event "UKR-ch"]
[Site "Simferopol"]
[Date "1990.??.??"]
[Round "?"]
[White "Ginsburg, Gennadij"]
[Black "Brodsky, Michail"]
[Result "1/2-1/2"]
[WhiteElo "2280"]
[BlackElo "2290"]

1.e4 c5 2.Nf3 Nc6 3.d4 cxd4 4.Nxd4 e6 5.Nb5 d6 6.c4 Nf6 7.N1c3 a6 8.Na3 Be7
9.Be2 O-O 10.O-O b6 11.Be3 Ne5 12.Rc1 Bb7 13.f3 Qc7 14.Kh1 Rac8 15.Qd2 Ned7
16.Rfd1 Qb8 17.Bf1 Rfe8 18.Nab1 Bd8 19.Bf4 Ne5 20.Qxd6 Qxd6 21.Rxd6 Nxc4
22.Bxc4 Rxc4 23.Rd3 Rc8 24.Rcd1 b5 25.a3 Bb6 26.Be3 Bxe3 27.Rxe3 Red8 28.Rxd8+ Rxd8
29.Kg1 Kf8 30.Kf2 Ke7 31.Ke2  1/2-1/2

[Event "Hungaroil"]
[Site "Siofok"]
[Date "1990.??.??"]
[Round "9"]
[White "Kallai, Gabor"]
[Black "Frolov, Artur"]
[Result "0-1"]
[WhiteElo "2410"]
[BlackElo "2485"]

1.e4 c5 2.Nf3 e6 3.d4 cxd4 4.Nxd4 Nc6 5.Nb5 d6 6.c4 Nf6 7.N1c3 a6 8.Na3 Be7
9.Be2 O-O 10.O-O b6 11.b3 Bb7 12.Bb2 Ne5 13.f4 Ng6 14.Qd3 e5 15.g3 exf4 16.gxf4 b5
17.Nd5 Nxd5 18.cxd5 Bf6 19.Bd4 Bxd4+ 20.Qxd4 f5 21.exf5 Nh4 22.Bg4 Nxf5 23.Qd3 Qb6+
24.Rf2 Nd4 25.Rd1 Rxf4 26.Rxf4 Ne2+ 27.Kh1 Nxf4 28.Qe4 Qf2 29.Nc2 Bxd5 30.Be6+ Bxe6
31.Qxa8+ Kf7 32.Qb7+ Kf6 33.Nb4 d5  0-1

[Event "Hungaroil"]
[Site "Siofok"]
[Date "1990.??.??"]
[Round "10"]
[White "Frolov, Artur"]
[Black "Fogarasi, Tibor"]
[Result "1/2-1/2"]
[WhiteElo "2485"]
[BlackElo "2400"]

1.e4 c5 2.Nf3 e6 3.d4 cxd4 4.Nxd4 Nc6 5.Nb5 d6 6.Bf4 e5 7.Be3 a6 8.N5c3 Nf6
9.Bc4 Be7 10.Nd5 Nxd5 11.Bxd5 O-O 12.Qd2 Bd7 13.Nc3 b5 14.Bb3 Na5 15.Nd5 Nxb3
16.axb3 Bc6 17.O-O Bxd5 18.Qxd5 Qc7 19.c3 Rfb8 20.b4 a5 21.f4 Bf6 22.bxa5 Rxa5
23.Rxa5 Qxa5 24.Qxd6 Rd8 25.Qc5 Re8 26.Qc6 Rb8 27.fxe5 Bxe5 28.Bd4 Bxd4+
29.cxd4 Qd2 30.Qd5 Rf8 31.b3 Qe3+ 32.Kh1 Qe2 33.Ra1 g6 34.h3 Rc8 35.Qd7 Rf8
36.Qd5 Rc8 37.Qd7 Rf8 38.e5 Qb2 39.Rf1 Qxb3 40.d5 Qd3 41.Rf3 Qe4 42.Qd6 Re8
43.e6 fxe6 44.Qd7 exd5 45.Qf7+ Kh8 46.Qf6+ Kg8 47.Qf7+  1/2-1/2

[Event "BUL-FRA m"]
[Site "Sofia"]
[Date "1990.??.??"]
[Round "2"]
[White "Prie, Eric"]
[Black "Kirov, Nino"]
[Result "1/2-1/2"]
[WhiteElo "2435"]
[BlackElo "2445"]

1.e4 c5 2.Nf3 e6 3.d4 cxd4 4.Nxd4 Nc6 5.Nb5 d6 6.c4 Nf6 7.N1c3 a6 8.Na3 Be7
9.Be2 O-O 10.O-O b6 11.Be3 Bb7 12.Qb3 Nd7 13.Rfd1 Ra7 14.Rd2 Ba8 15.Qd1 Qb8
16.Qf1 Bf6 17.Rad1 Bxc3 18.bxc3 Nc5 19.f3 Rd7 20.Qf2 Qc7 21.Qg3 Ne5  1/2-1/2

[Event "BUL-FRA m"]
[Site "Sofia"]
[Date "1990.??.??"]
[Round "6"]
[White "Prie, Eric"]
[Black "Semkov, Semko"]
[Result "1/2-1/2"]
[WhiteElo "2435"]
[BlackElo "2450"]

1.e4 c5 2.Nf3 e6 3.d4 cxd4 4.Nxd4 Nc6 5.Nb5 d6 6.c4 Nf6 7.N1c3 a6 8.Na3 Be7
9.Be2 O-O 10.O-O b6 11.Be3 Bb7 12.Qb3 Nd7 13.Rfd1 Re8 14.Rd2 Rc8 15.Qd1 Qc7
16.Qf1 Nce5 17.Rad1 Nf6 18.f3 Ned7 19.Nc2 Ne5 20.Na3 Ned7 21.Nc2 Ne5 22.Na3 Ned7  1/2-1/2

[Event "Stockholm"]
[Site "Stockholm"]
[Date "1990.??.??"]
[Round "?"]
[White "Hellers, Ferdinand"]
[Black "Cramling, Pia"]
[Result "1/2-1/2"]
[WhiteElo "2520"]
[BlackElo "2505"]

1.e4 c5 2.Nf3 e6 3.d4 cxd4 4.Nxd4 Nc6 5.Nb5 d6 6.c4 Nf6 7.N1c3 a6 8.Na3 b6
9.Be2 Bb7 10.O-O Ne5 11.f3 Be7 12.Be3 O-O 13.Qd2 Rc8 14.Rfd1 Qc7 15.Rac1 Qb8
16.Kh1 Bd8 17.Qxd6 Bc7 18.Qd2 Ng6 19.g3 h5 20.Bf2 h4 21.Rg1 Be5 22.Nab1 Rfd8
23.Qe1 Ba8 24.Rd1 Rxd1 25.Qxd1 b5 26.cxb5 axb5 27.Nd2 b4 28.Na4 Rd8 29.Qc2 Ng4
30.Bb6 Rc8 31.Qd3 Bc6 32.fxg4 Bxa4 33.Bf2 Rd8 34.Qe3 Bd4 35.Qxd4 Rxd4 36.Bxd4 Qd6
37.Be3 Bc6 38.Kg2 hxg3 39.hxg3 Ne5 40.Rc1 f5 41.gxf5 exf5 42.Rc5 Kh7 43.a3 bxa3
44.bxa3 fxe4 45.Nc4 Nxc4 46.Bxc4 Qd1 47.Rxc6 Qf3+ 48.Kh3 Qxe3 49.Bf7 g5 50.Re6 Kg7
51.Bh5 Qc1 52.Kg2 Qc2+ 53.Kh3 Qc1 54.Kg2 Qc2+ 55.Kh3 Qb1 56.Rg6+ Kh7 57.Rxg5 Qf1+
58.Kh2 Kh6 59.Re5 Qf2+ 60.Kh3 Qf1+ 61.Kh2 Qf6 62.Ra5 e3 63.a4 Qf2+ 64.Kh3 Qf1+
65.Kh2 Qc1 66.Rb5 Qc2+ 67.Kh3 Qxa4 68.Be2 Qc2 69.Bf3 Qf2 70.Rf5 e2 71.Rh5+ Kg6
72.Bxe2 Qxe2 73.g4 Qf3+ 74.Kh4 Qf2+ 75.Kh3 Qe3+ 76.Kg2 Qf4 77.Kh3 Qe3+ 78.Kg2 Qf4
79.Kh3 Qf1+ 80.Kg3 Qd3+ 81.Kg2  1/2-1/2

[Event "JUG-Cup"]
[Site "Svetozarevo"]
[Date "1990.??.??"]
[Round "?"]
[White "Marjanovic, Slavoljub"]
[Black "Cebalo, Miso"]
[Result "0-1"]
[WhiteElo "2480"]
[BlackElo "2525"]

1.e4 c5 2.Nf3 e6 3.d4 cxd4 4.Nxd4 Nc6 5.Nb5 d6 6.c4 Nf6 7.N1c3 a6 8.Na3 Be7
9.Be2 b6 10.O-O Bb7 11.Be3 Nb8 12.f3 Nbd7 13.Qd2 O-O 14.Rfd1 Qc7 15.Rac1 Rac8
16.Bf1 Qb8 17.Qf2 Ba8 18.Kh1 Rfe8 19.h3 Bd8 20.Nab1 Bc7 21.Be2 h6 22.a3 Bb7
23.Nd2 d5 24.cxd5 Bg3 25.Qg1 exd5 26.exd5 Nxd5 27.Nxd5 Rxc1 28.Rxc1 Bxd5
29.Bxa6 Bf4 30.Bxf4 Qxf4 31.Qd1 Nc5 32.Bb5 Re5 33.b4 Ne6 34.Bd3 g6 35.Ne4 Kg7
36.Qd2 Rxe4  0-1

[Event "Toulouse op"]
[Site "Toulouse"]
[Date "1990.??.??"]
[Round "4"]
[White "Fernandez Garcia, Jose L"]
[Black "Kirov, Nino"]
[Result "0-1"]
[WhiteElo "2470"]
[BlackElo "2445"]

1.e4 c5 2.Nf3 e6 3.d4 cxd4 4.Nxd4 Nc6 5.Nb5 d6 6.c4 Nf6 7.N5c3 Be7 8.Be2 O-O
9.O-O b6 10.Bf4 Bb7 11.Nd2 a6 12.Re1 Ne5 13.Bg3 Ng6 14.Rc1 Rc8 15.Bd3 Nd7
16.b3 Nde5 17.Bb1 Bg5 18.Ne2 Qf6 19.Rf1 Nf4 20.Nxf4 Bxf4 21.Bxf4 Qxf4 22.Qe2 Rc5
23.Rfd1 Rfc8 24.Nf1 b5 25.g3 Qf3 26.Qxf3 Nxf3+ 27.Kg2 Ng5 28.f3 f5 29.h4 Nf7
30.Ne3 fxe4 31.fxe4 a5 32.Kf2 g6 33.a3 R5c7 34.Ke1 a4 35.Kd2 Ne5 36.Rf1 axb3
37.Rf6 bxc4 38.Kc3 Nd3 39.Rcf1 Nc5  0-1

[Event "FRA-FRG"]
[Site "Uzes"]
[Date "1990.??.??"]
[Round "1"]
[White "Prie, Eric"]
[Black "Bischoff, Klaus"]
[Result "1/2-1/2"]
[WhiteElo "2435"]
[BlackElo "2530"]

1.e4 c5 2.Nf3 e6 3.d4 cxd4 4.Nxd4 Nc6 5.Nb5 d6 6.c4 Nf6 7.N1c3 a6 8.Na3 Be7
9.Be2 O-O 10.O-O b6 11.Bf4 Ne5 12.Qd2 Bd7 13.Rfd1 Qb8 14.Bg5 Bc6 15.f3 Rc8
16.Kh1 Ra7 17.Qe1 Be8 18.Rd2 Nh5 19.Bh4 Bf8 20.Bf2 Re7 21.Be3 Nf6 22.Qf1 Rec7
23.Bd4 Be7 24.Rad1 Bc6 25.Nc2 Nfd7 26.Ne3 Ba8 27.Nb1 Re8 28.Na3 Rcc8 29.Qf2 Ng6
30.Bf1 Bh4 31.Qg1 Be7 32.Qf2 Bh4 33.Qg1 Be7 34.Qf2  1/2-1/2

[Event "Val Thorens op"]
[Site "Val Thorens"]
[Date "1990.??.??"]
[Round "5"]
[White "Prie, Eric"]
[Black "Szabolcsi, Janos"]
[Result "1/2-1/2"]
[WhiteElo "2435"]
[BlackElo "2380"]

1.e4 c5 2.Nf3 e6 3.d4 cxd4 4.Nxd4 Nc6 5.Nb5 d6 6.c4 Nf6 7.N1c3 a6 8.Na3 b6
9.Be2 Bb7 10.Be3 Nb8 11.Qd4 Nbd7 12.O-O Qc7 13.f3 Be7 14.Kh1 O-O 15.Bf2 Rac8
16.Rfd1 Rfe8 17.Bf1 Ba8 18.Nc2 Qb8 19.Rab1 Red8 20.a4 Qc7 21.Ne3 Ne5 22.Rdc1 Nh5
23.Ne2 g6 24.Ng3 Nf6 25.Qd2 Bf8 26.Be2 Bh6 27.Qe1 Bc6 28.Qb4 Nfd7 29.Rd1 Nc5
30.b3 Rb8 31.Nc2 Qe7 32.Be3 Bg7 33.Nd4 Ba8 34.a5 Qc7 35.axb6 Rxb6 36.Qa5 Rdb8
37.b4 Qb7 38.Nc2 Nc6 39.Qa2 Nxb4 40.Nxb4 Rxb4 41.Rxb4 Qxb4 42.Rxd6 Nxe4 43.Rxa6 Bb7
44.fxe4 Bxa6 45.Qxa6 Qe1+ 46.Bg1 Bd4 47.Bf1 Bxg1 48.Kxg1 Qe3+ 49.Kh1 h5 50.Qd6 Rb3
51.Qd1 Rc3 52.Qf3 Qc1 53.Qf6 Rxc4 54.h4 Qe1 55.Nxh5  1/2-1/2

[Event "ARG-ch sf"]
[Site "?"]
[Date "1991.??.??"]
[Round "1"]
[White "Aguerreberry, Claudio"]
[Black "Bronstein, Luis"]
[Result "0-1"]
[WhiteElo "2210"]
[BlackElo "2370"]

1.e4 c5 2.Nf3 e6 3.d4 cxd4 4.Nxd4 Nc6 5.Nb5 d6 6.c4 Nf6 7.N1c3 a6 8.Na3 b6
9.Be2 Bb7 10.f4 d5 11.exd5 exd5 12.cxd5 Nb4 13.O-O Bc5+ 14.Kh1 O-O 15.Bf3 Nbxd5
16.Ne4 Nxe4 17.Bxe4 Qf6 18.Qf3 Rae8 19.Bxd5 Bxd5 20.Qxd5 Bxa3 21.Rb1 Bc5
22.b4 Bd4 23.b5 Rd8 24.Qf3 axb5 25.Rxb5 Rfe8 26.h3 Qe6 27.Bb2 Qc4 28.Rb3 Bc5
29.Rc1 Qe2 30.Qg3 Rd1+  0-1

[Event "ARG-ch"]
[Site "?"]
[Date "1991.??.??"]
[Round "1"]
[White "Adla, Diego"]
[Black "Bronstein, Luis"]
[Result "1-0"]
[WhiteElo "2435"]
[BlackElo "2370"]

1.e4 c5 2.Nf3 e6 3.d4 cxd4 4.Nxd4 Nc6 5.Nb5 d6 6.c4 Nf6 7.N1c3 a6 8.Na3 b6
9.Be2 Bb7 10.O-O Nb8 11.f3 Nbd7 12.Bf4 Qb8 13.Qd2 Be7 14.Rfd1 Ne5 15.Kh1 O-O
16.Be3 Ned7 17.Rac1 Re8 18.Bf4 Ne5 19.Bf1 h6 20.Qf2 Qc7 21.Na4 Nfd7 22.Be3 Nc5
23.Nc3 Bg5 24.Bxg5 hxg5 25.b4 Ncd7 26.Qd2 Qd8 27.Qxd6 Qf6 28.Qd2 g6 29.Qe3 Kg7
30.Kg1 Rh8 31.Rd6 Rh4 32.Be2 a5 33.b5 Rah8 34.h3 Qe7 35.Rcd1 Rc8 36.Na4 Kh7
37.Qd4 Qf6 38.Nxb6 Nxb6 39.Qxb6 Bxe4 40.fxe4 Rxe4 41.Qf2  1-0

[Event "JUG-ch"]
[Site "Banja Vrucica"]
[Date "1991.??.??"]
[Round "?"]
[White "Tosic, Miroslav"]
[Black "Barlov, Dragan"]
[Result "0-1"]
[WhiteElo "2455"]
[BlackElo "2505"]

1.e4 c5 2.Nf3 e6 3.d4 cxd4 4.Nxd4 Nc6 5.Nb5 d6 6.c4 Nf6 7.N1c3 a6 8.Na3 b6
9.g3 Bb7 10.Bg2 Ne5 11.f4 Ned7 12.Qe2 Qc7 13.Bd2 Be7 14.O-O Rc8 15.Rac1 Qb8
16.Kh1 Qa8 17.Rfe1 O-O 18.g4 d5 19.cxd5 exd5 20.e5 Ne4 21.Nxe4 dxe4 22.Nc4 Rfd8
23.Be3 b5 24.Nd2 Bb4 25.Red1 Rxc1 26.Rxc1 Bxd2 27.Bxd2 Nf8 28.Be3 Ng6 29.Qf2 Rd3
30.Re1 Qd8 31.Kg1 h6 32.h3 Nh4 33.Kh2 Nxg2 34.Qxg2 Qa5 35.Qf2 Qxa2 36.f5 Qd5
37.Qf4 Rb3 38.Rc1 Qd3 39.e6 Qe2+ 40.Bf2 fxe6 41.Rc7 e5 42.Rxg7+ Kf8  0-1

[Event "Bardejov"]
[Site "Bardejov"]
[Date "1991.??.??"]
[Round "?"]
[White "Gipslis, Aivars"]
[Black "Plachetka, Jan"]
[Result "1/2-1/2"]
[WhiteElo "2465"]
[BlackElo "2425"]

1.e4 c5 2.Nf3 Nc6 3.d4 cxd4 4.Nxd4 e6 5.Nb5 d6 6.c4 a6 7.N5c3 Nf6 8.Be2 Be7
9.O-O O-O 10.Bf4 b6 11.Nd2 Bb7 12.Re1 Ne5 13.a3 Rc8 14.Rc1 Re8 15.b4 Bf8
16.Bf1 h6  1/2-1/2

[Event "Bern"]
[Site "Bern"]
[Date "1991.??.??"]
[Round "3"]
[White "Gallagher, Joseph G"]
[Black "Cramling, Pia"]
[Result "1/2-1/2"]
[WhiteElo "2520"]
[BlackElo "2470"]

1.e4 c5 2.Nf3 e6 3.d4 cxd4 4.Nxd4 Nc6 5.Nb5 d6 6.c4 Nf6 7.N1c3 a6 8.Na3 Be7
9.Be2 b6 10.Be3 Ne5 11.f4 Ned7 12.Bf3 Bb7 13.O-O O-O 14.Qe2 h6 15.Rfd1 Qc7
16.Rac1 Rac8 17.Bf2 Rfe8 18.Rc2 Bf8  1/2-1/2

[Event "POL-chB"]
[Site "Bielsko-Biala"]
[Date "1991.??.??"]
[Round "4"]
[White "Markowski, Tomasz"]
[Black "Gdanski, Jacek"]
[Result "0-1"]
[WhiteElo "2260"]
[BlackElo "2420"]

1.e4 c5 2.Nf3 e6 3.d4 cxd4 4.Nxd4 Nc6 5.Nb5 d6 6.c4 Nf6 7.N1c3 a6 8.Na3 b6
9.Be2 Bb7 10.O-O Nb8 11.f3 Nbd7 12.Be3 Be7 13.Qd2 O-O 14.Rfd1 Qc7 15.Rac1 Rac8
16.Kh1 Qb8 17.Bf1 Kh8 18.Nc2 Bd8 19.Bg1 Bc7 20.Nb4 Rg8 21.Nd3 g5 22.Re1 Rg6
23.g3 Rcg8 24.Bf2 Ne5 25.Nxe5 dxe5 26.g4 h5 27.h3 Rd8 28.Qe2 hxg4 29.hxg4 Kg7
30.Red1 Rh8+ 31.Kg1 Rgh6 32.Bg2 Nh7 33.Rc2 Nf8 34.Qd2 f6 35.Ne2 Bc6 36.Ng3 Ng6
37.Nh5+ Rxh5 38.gxh5 Nf4 39.Qb4 Rxh5 40.Rcd2 Kg6 41.Be3 Nxg2 42.Rxg2 Kf7
43.Rdd2 Rh3 44.Kf2 Qh8 45.Bxb6 Qh4+ 46.Ke2 Rxf3 47.Kxf3 Qxe4+ 48.Kf2 Bxb6+
49.Qxb6 Qxg2+ 50.Ke1 Qe4+ 51.Kd1 Qxc4 52.Qc7+ Kg6 53.Qd8 Qf1+ 54.Kc2 Qc4+
55.Kd1 Bf3+ 56.Ke1 Qh4+ 57.Kf1 e4 58.Rd6 Qh1+ 59.Kf2 Qh2+ 60.Ke3 Qf4+ 61.Kd4 e3+
62.Kc5 Qe5+ 63.Kb6 Qb5+  0-1

[Event "Latin Cup Final"]
[Site "Bogota"]
[Date "1991.??.??"]
[Round "6"]
[White "Garcia, Gildardo"]
[Black "Sunye Neto, Jaime"]
[Result "1/2-1/2"]
[WhiteElo "2445"]
[BlackElo "2475"]

1.e4 c5 2.Nf3 e6 3.d4 cxd4 4.Nxd4 Nc6 5.Nb5 d6 6.Bf4 e5 7.Be3 Be7 8.N1c3 Nf6
9.Bg5 a6 10.Bxf6 gxf6 11.Na3 b5 12.Nd5 Be6 13.c3 Rb8 14.Nc2 f5 15.exf5 Bxf5
16.Nce3 Bg6 17.a4 Bg5 18.axb5 axb5 19.Ra6 Qc8 20.Qg4 Qxg4 21.Nxg4 Kd7 22.h4 Bd8
23.h5 Bf5 24.Ndf6+ Bxf6 25.Nxf6+ Ke6 26.Rxc6 Kxf6 27.Rxd6+ Kg5 28.Rd5 b4
29.Bb5 bxc3 30.bxc3 f6 31.Ke2 Rhc8 32.c4 Be6 33.f4+ Kxf4 34.Rf1+ Kg5 35.Rd6 Bg4+
36.Ke3 Rf8 37.Ra1 Bxh5 38.Ra5 Ra8 39.Rxa8 Rxa8 40.c5 Ra5 41.Rb6 Ra3+ 42.Kd2 Ra2+
43.Kc3 Rxg2 44.c6 Bg6 45.Bc4 Rc2+ 46.Kb3 Rc1 47.c7 Bf5 48.Rb8 e4 49.Ra8 Rb1+
50.Kc3 Rb7 51.c8=Q Bxc8 52.Rxc8 f5 53.Rc5 Re7 54.Kd2 Kf4 55.Ke2 h5 56.Kf2 h4
57.Rc8 Rh7 58.Rc5 h3 59.Kg1 Rg7+ 60.Kh1 Rg5 61.Ra5 Kf3 62.Kh2 e3 63.Re5 Kf2
64.Ra5 e2 65.Bxe2 Kxe2 66.Kxh3 Rh5+ 67.Kg2 Ke3  1/2-1/2

[Event "Brno Morava-D"]
[Site "Brno"]
[Date "1991.??.??"]
[Round "1"]
[White "Kapengut, Albert Z"]
[Black "Gogichaishvili, Giorgi"]
[Result "1-0"]
[WhiteElo "2450"]
[BlackElo "2410"]

1.e4 c5 2.Nf3 e6 3.d4 cxd4 4.Nxd4 Nc6 5.Nb5 d6 6.c4 Nf6 7.N1c3 a6 8.Na3 Be7
9.Be2 O-O 10.O-O b6 11.Be3 Ne5 12.Qc2 Qc7 13.f3 Bb7 14.Rfd1 Rac8 15.Rac1 Rfe8
16.Qd2 Qb8 17.Kh1 Bc6 18.Bf1 h6 19.Qd4 Nfd7 20.b4 Bb7 21.Na4 Nc6 22.Qb2 Bd8
23.Rb1 Nce5 24.Qf2 Ba8 25.Rb3 Bc7 26.h3 Kh7 27.Nc3 Nf6 28.Nab1 Rcd8 29.Rb2 Ng6
30.Rbd2 Bc6 31.a4 Ba8 32.Na3 d5 33.cxd5 exd5 34.Nxd5 Bxd5 35.exd5 Bg3 36.Qg1 Qe5
37.Bd4 Qd6 38.Bxb6 Rb8 39.Bc5 Qd7 40.a5 Nh5 41.Qd4 Bf4 42.Rd3 Ng3+ 43.Kg1 Ne2+
44.Bxe2 Rxe2 45.Qc4 Rxg2+ 46.Kxg2 Nh4+ 47.Kf2 Qxh3 48.Qxf4 Qg2+ 49.Ke3 Re8+
50.Kd4 Qb2+ 51.Kc4 Ng6 52.Qf5 Kg8 53.Bd6  1-0